1134 1807 1008 1600 1992 1012 1891 1146 1693 1227 1089 1299 1369 1674 1278 1724 1484 1622 1678 1102 1713 1468 1260 1722 1122 1444 1362 1003 1980 1144 1519 1671 1399 1495 1514 1748 1711 1831 1830 1925 1501 1164 1112 1594 1847 1349 1606 1368 1312 1083 1459 1054 1046 1142 1436 1829 1435 1801 1161 1640 1131 1373 1008 1743 1604 1148 1657 1234 1086 1579 1442 1461 1401 1425 1656 1571 1053 1526 1687 1384 1094 1354 1735 1454 1964 1345 1442 1284 1068 1406 1774 1512 1922 1890 1306 1899 1807 1152 1841 BCNSPRNW ULIB Ver.6.0+V

เปลี่ยนเป็นภาษาไทย

Change to English
 แสดงรายละเอียดบรรณานุกรม
  กลับหน้าหลัก

Brief Record : Get Marc (ISO 2709) : E-mail record : QR code < ปิดหน้าต่าง
LEADER : 00000nam 2200000uu 4500
001    13399122438
003     ULIB
008    130612s2549||||th 000 0 tha d
020    ^a9741105177
060 04 ^aWY159^bN532
245 00 ^aNew trend in pediatric critical care nursing /^cบรรณาธิการ, สุภารัตน์ ไวยชีตา, ธิติดา ชัยศุภมงคลลาภ, วรรณา คงวิเวกขจรกิจ
250    ^aพิมพ์ครั้งที่ 1
260    ^aกรุงเทพฯ :^bภาควิชาพยาบาลศาสตร์คณะแพทยศาสตร์โรงพยาบาลรามาธิบดี มหาวิทยาลัยมหิดล,^c2549
300    ^aviii, 300 หน้า :^bภาพประกอบ ;^c26 ซม.
650  7 ^aการพยาบาลกุมารเวชศาสตร์
700 0  ^aสุภารัตน์ ไวยชีตา,^eบรรณาธิการ
700 0  ^aธิติดา ชัยศุภมงคลลาภ,^eบรรณาธิการ
700 0  ^aวรรณา คงวิเวกขจรกิจ,^eบรรณาธิการ
710 2  ^aมหาวิทยาลัยมหิดล. ^bคณะแพทยศาสตร์โรงพยาบาลรามาธิบดี.^bภาควิชาพยาบาลศาสตร์
945    ^p250^l0^i24606
995    ^aทศพร
999    ^aทศพร เกษรทอง
รายการนี้ยังไม่มีแท็ก
คุณยังไม่ได้ล็อกอิน คุณสามารถมีกิจกรรมร่วมกับเว็บไซต์ได้ แต่ต้องล็อกอินก่อน ::
  ล็อกอิน

รายการสื่อสารสนเทศ

ลำดับที่ ประเภท เลขเรียก/บาร์โค้ด สถานที่ สถานะ
1. Book การพยาบาล
Book การพยาบาล
สถานะ=หนังสือเก่า
WY159 N532 ฉ.1 
  Barcode: 24606
ห้องสมุดวิทยาเขตนครสวรรค์
►หนังสือทั่วไป:l:General Books
บนชั้น

รายการใกล้เคียง
    หัวเรื่อง [การพยาบาลกุมารเวชศาสตร์]

BibComment


ยังไม่เคยถูกคอมเมนท์

คอมเมนท์ทรัพยากรรายการนี้
  คอมเมนท์: New trend in ped..


 Copyright 2026. Bcnsprnw @Library